Song Title to Artist Click Quiz - Post Punk - Statistics

General Stats
  • This quiz has been taken 245 times
  • The average score is 9 of 20
Answer Stats
Hint Answer % Correct
Friday I'm In Love The Cure
90%
Pyscho Killer Talking Heads
81%
Antmusic Adam & The Ants
63%
Disorder Joy Division
58%
Bela Lugosi's Dead Bauhaus
56%
The Killing Moon Echo & the Bunnymen
56%
Spellbound Siouxsie and the Banshees
51%
Age of Consent New Order
48%
Making Plans for Nigel XTC
44%
Red Right Hand Nick Cave & the Bad Seeds
42%
Marquee Moon Television
42%
Lucretia My Reflection The Sisters of Mercy
39%
Damaged Goods Gang of Four
36%
Eighties Killing Joke
35%
I Will Follow U2
35%
Under the Milky Way The Church
28%
Uncontrollable Urge DEVO
27%
Punk Rock Loser Viagra Boys
25%
Totally Wired The Fall
24%
That's When I Reach for My Revolver Mission of Burma
18%
No matching quizzes found
Score Distribution
Percent of People with Each Score
Percentile by Number Answered
Your Score History
You have not taken this quiz